| 000 | 00669nam a2200265Ia 4500 | ||
|---|---|---|---|
| 001 | 25566 | ||
| 005 | 20240114000849.0 | ||
| 007 | ta | ||
| 008 | 060427s g b000 u 465 u | ||
| 040 | _aCotton College,Assam | ||
| 041 | _a465 | ||
| 082 |
_a822.34 _bM 584 T |
||
| 100 | _aMiddleton, Thomas . | ||
| 245 | 0 |
_aThomas Middleton / _cThomas Middleton. _hTextual Documents |
|
| 250 | _a1st ed. / | ||
| 260 |
_aLondon : _bT. Fisher Unwin , _cnd. |
||
| 300 |
_a485p. ; _c21cm. |
||
| 653 | _aEnglish drama | ||
| 653 | _aG-English | ||
| 653 | _aT/G-English | ||
| 942 |
_2ddc _cBK |
||
| 999 |
_c25548 _d25548 |
||